| 000 | 00639nam a2200157 a 4500 | ||
|---|---|---|---|
| 008 | 090619s2008 ||||||||||||||||| || u | ||
| 050 | _aUN0(058)MDGR/2008 | ||
| 110 | _aUnited Nations Organisation (UNO) | ||
| 245 | 1 | 4 |
_aThe millennium development goals report 2008 _cby United Nations |
| 260 |
_aNew York: _bUnited Nations _c2008 |
||
| 300 | _a52p.: ill. | ||
| 350 | _a0.00 | ||
| 650 | 0 | _aAFRICA--ECONOMIC CONDITIONS | |
| 650 | _aMILLENNIUM DEVELOPMENT GOALS | ||
| 995 |
_D0.00 _FCBU-MAIN LIBRARY (Kitwe) _H1 _I0.00 _M1 _UAVAILABLE _WJun 19, 2009 _ZInternational Publications |
||
| 999 |
_c51239 _d51239 |
||